LEADER 00829nam0-22002891i-450- 001 990000076040403321 035 $a000007604 035 $aFED01000007604 035 $a(Aleph)000007604FED01 035 $a000007604 100 $a20011111d--------km-y0itay50------ba 101 0 $aita 105 $ay-------001yy 200 1 $a<>strctural analysis of the "Dome of Discovery"$fT. O. Lazardies. 210 $aLondon$cC. Lockwood and Son$d1952 215 $aVII, 64 p., 3 tav.$cill.$d19x25 cm 610 0 $aCupole$aCostruzione 610 0 $aDome of Discovery$aCostruzione 676 $a624.177 5 700 1$aLazarides,$bTelemachos Odysseos 801 0$aIT$bUNINA$gRICA$2UNIMARC 901 $aBK 912 $a990000076040403321 952 $a13 K 03 01$b20075$fFINBC 959 $aFINBC 997 $aUNINA DB $aING01 LEADER 01405nam 2200397 450 001 000009053 005 20050718115300.0 010 $a88-09-50003-2 100 $a20011204d1987----km-y0itay0103----ba 101 0 $aita 102 $aIT 200 1 $aInsegnare matematica in seconda elementare$fCarla Caredda, Maria Polo 210 $aTeramo$cGiunti & Lisciani Editori$dc1987 215 $a262 p.$d20 cm 225 1 $aEducazione Nuova$iLe idee e gli strumenti 606 $aMatematica$xInsegnamento$xScuola elementare 676 $a372.7$v(20. ed.)$9Educazione elementare. Matematica 700 1$aCaredda,$bCarla$0440337 701 1$aPolo,$bMaria$0440338 801 0$aIT$bUniversità della Basilicata - B.I.A.$gRICA$2unimarc 912 $a000009053 996 $aInsegnare matematica in seconda elementare$977697 997 $aUNIBAS BAS $aMONSCI BAS $aMONOGR BAS $aSCIENZE CAT $aSTD004$b01$c20011204$lBAS01$h1631 CAT $aTORRE$b20$c20011204$lBAS01$h1808 CAT $aTORRE$b20$c20011205$lBAS01$h0918 CAT $c20050601$lBAS01$h1754 CAT $abatch$b01$c20050718$lBAS01$h1050 CAT $c20050718$lBAS01$h1109 CAT $c20050718$lBAS01$h1139 CAT $c20050718$lBAS01$h1153 FMT Z30 -1$lBAS01$LBAS01$mBOOK$1BASA2$APolo Tecnico-Scientifico$2DID$BDidattica$3PTS.s3.p27.13$64681$5M4681$820011204$f04$FPrestabile Didattica